Представление документа в формате MARC21

Поле Инд. ПП Название Значение
Тип записи a
Библиографический уровень b
001 Контрольный номер RU/IS/BASE/148579160
005 Дата корректировки 20220221113704.8
084 a Индекс другой классификации/Индекс ББК 88.1(7США)6; 88.53
100 1_ a Автор Симонова О. А.
245 10 a Заглавие Социологический смысл понятия идентичности в концепции Э. Г. Эриксона
504 a Библиография Библиогр. ссылки
600 14 a Персоналии Эриксон Эрик Хомбергер
650 04 a Основная рубрика история социологии
a Основная рубрика психология
a Основная рубрика психология личности
a Основная рубрика социальная психология
a Основная рубрика социология
653 0_ a Ключевые слова XX век
a Ключевые слова идентичность
a Ключевые слова история психологии
a Ключевые слова кризис идентичности
a Ключевые слова психоанализ
a Ключевые слова психологические нормы развития
a Ключевые слова психосоциальная идентичность
a Ключевые слова развитие личности
a Ключевые слова социальное развитие личности
a Ключевые слова социально-психологическая теория
a Ключевые слова США
a Ключевые слова Эго
a Ключевые слова Эго-идентичность
a Ключевые слова эгопсихология
773 18 t Заглавие источника Вестник Московского университета. Серия 18, Социология и политология
d Дата издания источника 2001
g Прочая информация № 2. - С. 103 - 121 : табл.
w Контрольный № источника RU/IS/BASE/148578705
901 t Тип документа b